Digital signal and image processing using matlab / (Record no. 23193)
[ view plain ]
| 000 -LEADER | |
|---|---|
| fixed length control field | 00966cam a22002895a 4500 |
| 001 - CONTROL NUMBER | |
| control field | 18177531 |
| 005 - DATE AND TIME OF LATEST TRANSACTION | |
| control field | 20201128024009.0 |
| 008 - FIXED-LENGTH DATA ELEMENTS--GENERAL INFORMATION | |
| fixed length control field | 140604s2014 enka frb 001 0 eng d |
| 020 ## - INTERNATIONAL STANDARD BOOK NUMBER | |
| International Standard Book Number | 9781848216402 |
| 040 ## - CATALOGING SOURCE | |
| Original cataloging agency | DLC |
| Language of cataloging | eng |
| Transcribing agency | DLC |
| Modifying agency | DLC |
| -- | EG-ScBUE |
| 082 04 - DEWEY DECIMAL CLASSIFICATION NUMBER | |
| Edition number | 22 |
| Classification number | 621.3822 |
| Item number | BLA |
| 100 1# - MAIN ENTRY--PERSONAL NAME | |
| Personal name | Blanchet, Gerard. |
| 245 10 - TITLE STATEMENT | |
| Title | Digital signal and image processing using matlab / |
| Statement of responsibility, etc | Gerard Blanchet, Maurice Charbit. |
| 250 ## - EDITION STATEMENT | |
| Edition statement | 2nd ed., Revised and updated ed. |
| 260 ## - PUBLICATION, DISTRIBUTION, ETC. (IMPRINT) | |
| Place of publication, distribution, etc | London : |
| Name of publisher, distributor, etc | ISTE Ltd ; |
| Place of publication, distribution, etc | Hoboken : |
| Name of publisher, distributor, etc | John Wiley & Sons, |
| Date of publication, distribution, etc | 2014. |
| 300 ## - PHYSICAL DESCRIPTION | |
| Extent | 501 p. : |
| Other physical details | ill. ; |
| Dimensions | 24 cm. |
| 490 0# - Series Statement | |
| Series statement | Digital signal and image processing series |
| 500 ## - GENERAL NOTE | |
| General note | Index : p. [489]-501. |
| 504 ## - BIBLIOGRAPHY, ETC. NOTE | |
| Bibliography, etc | Bibliography : p. [485]-487. |
| 505 2# - FORMATTED CONTENTS NOTE | |
| Formatted contents note | v. 1. Fundamentals. |
| 630 07 - SUBJECT ADDED ENTRY--UNIFORM TITLE | |
| 9 (RLIN) | 826 |
| Uniform title | MATLAB. |
| 650 #7 - SUBJECT ADDED ENTRY--TOPICAL TERM | |
| Source of heading or term | BUEsh |
| Topical term or geographic name as entry element | Signal processing |
| General subdivision | Digital techniques |
| -- | Data processing. |
| 651 ## - SUBJECT ADDED ENTRY--GEOGRAPHIC NAME | |
| Source of heading or term | BUEsh |
| 653 ## - INDEX TERM--UNCONTROLLED | |
| Resource For college | Informatics and Computer Science |
| Arrived date list | November2016 |
| 700 1# - ADDED ENTRY--PERSONAL NAME | |
| Personal name | Charbit, Maurice |
| 942 ## - ADDED ENTRY ELEMENTS (KOHA) | |
| Source of classification or shelving scheme | Dewey Decimal Classification |
| Withdrawn status | Item status | Source of classification or shelving scheme | Damaged status | Not for loan | Vendor | Home library | Current library | Shelving location | Date acquired | Source of acquisition | Cost, normal purchase price | Serial Enumeration / chronology | Total Checkouts | Full call number | Barcode | Date last seen | Cost, replacement price | Koha item type | Public note |
|---|---|---|---|---|---|---|---|---|---|---|---|---|---|---|---|---|---|---|---|
| Dewey Decimal Classification | Baccah | Central Library | Central Library | First floor | 20/11/2016 | Purchase | 1260.00 | 2000088 | 621.3822 BLA | 000034908 | 15/07/2025 | 1575.00 | Book - Borrowing | V. 1. |